Nonlinear Process Control

Gespeichert in:
Bibliographische Detailangaben
Hauptverfasser: Seborg, Dale E (Verfasst von), Henson, Michael A. (Verfasst von)
Format: Buch
Sprache:Englisch
Veröffentlicht: Upper Saddle River : Prentice Hall, 1997
Tags: Tag hinzufügen
Keine Tags, Fügen Sie das erste Tag hinzu!

MARC

LEADER 00000nam a22000003a 4500
001 stu48868
005 20150617225708.5
008 981221s1997------------------------eng-d
020 |a 0-13-625179-X 
040 |a STU  |b slo 
041 0 |a eng 
080 |a 517.977 
100 1 |a Seborg, Dale E  |4 aut 
245 1 |a Nonlinear Process Control 
260 |a Upper Saddle River :  |b Prentice Hall,  |c 1997 
300 |a 432 s 
500 |a Tab.,grafy,lit. 
700 1 |a Henson, Michael A.  |4 aut 
996 |b C95604  |c C*95604  |l CCXVI  |s P  |a 0  |w stu48868_0001